| 000 | 01984cam a2200349 i 4500 | ||
|---|---|---|---|
| 003 | EG-ScBUE | ||
| 005 | 20240424143145.0 | ||
| 008 | 090710s2010 enka f b 001 0 eng d | ||
| 020 | _a9780415543729 | ||
| 020 | _a041554372X | ||
| 040 |
_aStDuBDS _beng _erda _cStDuBDS _dUk _dEG-ScBUE _dEG-ScBUE |
||
| 043 | _aaw----- | ||
| 082 | 0 | 4 |
_a956.04 _bPAP _222 |
| 100 | 1 |
_aPappe, Ilan, _eauthor. |
|
| 245 | 1 | 4 |
_aThe modern Middle East / _cIlan Pappe. |
| 250 | _aSecond edition. | ||
| 264 | 1 |
_aOxon ; _aNew York : _bRoutledge, _c2010. |
|
| 300 |
_axv, 366 pages : _billustrations ; _c24 cm |
||
| 336 |
_2rdacontent _atext _btxt |
||
| 337 |
_aunmediated _2rdamedia _bn |
||
| 338 |
_avolume _bnc _2rdacarrier |
||
| 504 | _aIncludes bibliographical references and index. | ||
| 505 | _aIntroduction: whose 'modern times'? -- Political history -- Economic history -- The rural history of the Middle East in the twentieth century -- Urban history -- Popular culture: music, dance and poetry -- The history of the written word -- Theatre, cinema, radio and television -- Histories of Middle Eastern women -- The many faces of Islam in the twenty-first century: three final aspects. | ||
| 520 | _aTo allay any fears of bias, Pappe (political science, U. of Haifa, Israel) states in his preface his belief that Israel would benefit from being more a part of the Middle East, a view that he says nearly lost him his teaching position in 2002. Designed as an undergraduate textbook, the text uses a comparative approach, which effectively conveys the continuity of experience shared among Arabs throughout the broad | ||
| 651 | 7 |
_aMiddle East _xPolitics and government _y20th century. _2BUEsh |
|
| 651 | 7 |
_aMiddle East _xPolitics and government _y21st century. _2BUEsh |
|
| 651 | 7 |
_aMiddle East _xEconomic conditions _y20th century. _2BUEsh _929245 |
|
| 651 | 7 |
_aMiddle East _xEconomic conditions _y21st century. _2BUEsh |
|
| 653 |
_bBUSBOL _cOctober2018 |
||
| 655 | _vReading book | ||
| 942 |
_2ddc _cBB |
||
| 999 |
_c26877 _d26849 |
||